03870cas a2200481 i 4500001001000000003000900010005001700019007000300036008004100039040003000080041000800110043000900118110006100127222001400188245002600202264010300228300005400331310001500385336002900400337003500429338003000464362003300494500004700527500007900574650007800653651004900731942001500780952016700795952016700962952016801129952016801297952019401465952019401659952020001853952020002053952019202253952019202445952018902637952018902826952017803015952017803193999001703371000037558DO-SdBNP20260312092904.0ta120425c19 1988dr bn1p|rd || |0spa d aDO-SdBNPbspacBNPHUerda hspa anwdr2 aAsociación Dominicana de Exportadores (ADOEXPO)964010 2aBoletín10aBoletín de ADOEXPO. aSanto Domingo, República Dominicana :bAsociación Dominicana de Exportadores (ADOEXPO),c1988. avolumen :bilustraciones, fotografías ;c28 cm. aBimestral. atextobtxt 2rdacontent  asin mediación bn 2rdamedia avolumen bnc 2rdacarrier1 aInicia con: Mayo-junio 1988. aCatalogación basada en: Mayo-junio 1988. aBoletín Oficial de la Asociación Dominicana de Exportadores (ADOEXPO). 4aExportaciónvPublicaciones periódicas zRepública Dominicana964011 4aRepública DominicanaxExportaciones964012 2ddccISSUE 00102ddc4056708SEaBNPHUbBNPHUd2026-03-12hNo. 1, Mayo-junio 1988l0p2026-2099r2026-03-12te.1w2026-03-12yISSUEzADOEXPO elige nuevo consejo directivo. 00102ddc4056708SEaBNPHUbBNPHUd2026-03-12hNo. 1, Mayo-junio 1988l0p2026-2100r2026-03-12te.2w2026-03-12yISSUEzADOEXPO elige nuevo consejo directivo. 00102ddc4056708SEaBNPHUbBNPHUd2026-03-12hNo. 2, Julio-agosto 1988l0p2026-2101r2026-03-12te.1w2026-03-12yISSUEzReunense pasados presidentes ADOEXPO. 00102ddc4056708SEaBNPHUbBNPHUd2026-03-12hNo. 2, Julio-agosto 1988l0p2026-2102r2026-03-12te.2w2026-03-12yISSUEzReunense pasados presidentes ADOEXPO. 00102ddc4056708SEaBNPHUbBNPHUd2026-03-12hNo. 3, Septiembre-octubre 1988l0p2026-2103r2026-03-12te.1w2026-03-12yISSUEzADOEXPO, reúne a los fabricantes de muebles del país. 00102ddc4056708SEaBNPHUbBNPHUd2026-03-12hNo. 3, Septiembre-octubre 1988l0p2026-2104r2026-03-12te.2w2026-03-12yISSUEzADOEXPO, reúne a los fabricantes de muebles del país. 00102ddc4056708SEaBNPHUbBNPHUd2026-03-12hNo. 4, Noviembre-diciembre 1988l0p2026-2106r2026-03-12te.1w2026-03-12yISSUEzADOEXPO, realiza primera cena anual del exportador dominicano. 00102ddc4056708SEaBNPHUbBNPHUd2026-03-12hNo. 4, Noviembre-diciembre 1988l0p2026-2107r2026-03-12te.2w2026-03-12yISSUEzADOEXPO, realiza primera cena anual del exportador dominicano. 00102ddc4056708SEaBNPHUbBNPHUd2026-03-12hNo. 5, Enero-febrero 1989l0p2026-2108r2026-03-12te.1w2026-03-12yISSUEzAybar: Lucha por los CAT´ es prueba para clase empresarial. 00102ddc4056708SEaBNPHUbBNPHUd2026-03-12hNo. 5, Enero-febrero 1989l0p2026-2110r2026-03-12te.2w2026-03-12yISSUEzAybar: Lucha por los CAT´ es prueba para clase empresarial. 00102ddc4056708SEaBNPHUbBNPHUd2026-03-12hNo. 6, Marzo-abril 1989l0p2026-2111r2026-03-12te.1w2026-03-12yISSUEzADOEXPO, realiza primer encuentro regional de exportadores. 00102ddc4056708SEaBNPHUbBNPHUd2026-03-12hNo. 6, Marzo-abril 1989l0p2026-2112r2026-03-12te.2w2026-03-12yISSUEzADOEXPO, realiza primer encuentro regional de exportadores. 00102ddc4056708SEaBNPHUbBNPHUd2026-03-12hNo. 8, Noviembre-diciembre 1991l0p2026-2113r2026-03-12te.1w2026-03-12yISSUEzADOEXPO, realiza encuentro sobre LOME 4. 00102ddc4056708SEaBNPHUbBNPHUd2026-03-12hNo. 8, Noviembre-diciembre 1991l0p2026-2114r2026-03-12te.2w2026-03-12yISSUEzADOEXPO, realiza encuentro sobre LOME 4. c37048d37048